LDR 00912naa#a2200181#i#450# 001 RU\\bibl\119777 005 20260417012747.5 011 ## _a1819-4036 100 ## _a20210226b2021####ek#y0rusy0150####ca 102 ## _aRU 200 1# _aСОВРЕМЕННОЕ СОСТОЯНИЕ ИСПОЛЬЗОВАНИЯ ПАХОТНЫХ ЗЕМЕЛЬ В ХОЗЯЙСТВАХ РАЗНЫХ ФОРМ СОБСТВЕННОСТИ ПРИЕНИСЕЙСКОЙ СИБИРИ _eЖурнальная статья 210 1# _aКрасноярск _cКрасноярский государственный аграрный университет _d2021 215 ## _a6 с. 608 ## _aЖурнальная статья _2local 675 ## _aОбщие вопросы сельского хозяйства. 631 _z 700 #1 _aЧебочаков _gЕгор Яковлевич 700 #1 _aМуртаев _gВалерий Николаевич 856 4# _avestnik.kgau.ru _u